Understanding international relations (Record no. 16332)

000 -LEADER
fixed length control field 00433nam a22001817a 4500
003 - CONTROL NUMBER IDENTIFIER
control field OSt
005 - DATE AND TIME OF LATEST TRANSACTION
control field 20170105102937.0
020 ## - INTERNATIONAL STANDARD BOOK NUMBER
International Standard Book Number 9780230213111
040 ## - CATALOGING SOURCE
Original cataloging agency 0
082 ## - DEWEY DECIMAL CLASSIFICATION NUMBER
Classification number 327
Author Mark BRO 2009
100 ## - MAIN ENTRY--PERSONAL NAME
Personal name Brown, Chris,
245 ## - TITLE STATEMENT
Title Understanding international relations
Statement of responsibility, etc. Chris Brown
250 ## - EDITION STATEMENT
Edition statement 4th ed
260 ## - PUBLICATION, DISTRIBUTION, ETC.
Place of publication, distribution, etc. New York
Name of publisher, distributor, etc. Palgrave
Date of publication, distribution, etc. 2001
300 ## - PHYSICAL DESCRIPTION
Extent 321p.;
Dimensions 24cm
650 ## - SUBJECT ADDED ENTRY--TOPICAL TERM
Topical term or geographic name entry element International Relations
942 ## - ADDED ENTRY ELEMENTS (KOHA)
Source of classification or shelving scheme
Koha item type Book
Holdings
Withdrawn status Lost status Damaged status Not for loan Collection code Permanent Location Current Location Shelving location Date acquired Total Checkouts Full call number Barcode Date last seen Date last checked out Price effective from Koha item type
          Centre for International Peace & Stability (CIPS) Centre for International Peace & Stability (CIPS) General Stacks 03/22/2016 1 327 BRO 2009 CIPS0002741 10/03/2025 09/19/2025 03/22/2016 Book
© 2023 Central Library, National University of Sciences and Technology. All Rights Reserved.